00369nam a2200121Ia 450000500170000000800410001708200130005810000210007124500420009226000390013430000170017350000570019020250405170240.0240331s9999 xx 000 0 und d bSIVa894 aSivakumaran, S.K 0aEelaththuch chiru kathaith thohupuhal aColombobSevwandi ( Pvt) Ltdc1998 avi, 154 p ., aSri Lankan Short Story Collections Critical Insights